MARC

LEADER 00000nam0a2200000 4500
001 362527
005 20231102011511.0
035 |a (RuTPU)RU\TPU\retro\19873 
090 |a 362527 
100 |a 20210728d1981 km y0rusy50 ca 
101 0 |a rus 
102 |a MD 
105 |a a z 001zy 
200 1 |a Оптимизация состава цементобетонов  |f В. Н. Шмигальский  |g Кишиневский политехнический институт им. С. Лазо 
210 |a Кишинев  |c Штиинца  |d 1980 
215 |a 124 с.  |c ил. 
320 |a Библиогр. в конце ст. 
606 1 |a Бетон цементный  |2 stltpush  |3 (RuTPU)RU\TPU\subj\35524  |9 57185 
610 1 |a цементобетонные смеси 
610 1 |a состав 
610 1 |a оптимизация 
610 1 |a прочность 
610 1 |a определение 
610 1 |a водонепроницаемость 
610 1 |a экономия 
675 |a 666.972  |v 4 
700 1 |a Шмигальский  |b В. Н.  |g Владимир Никифорович 
712 0 2 |a Кишиневский политехнический институт им. С. Лазо  |2 stltpush  |3 (RuTPU)RU\TPU\col\4164  |9 23937 
801 1 |a RU  |b 63413507  |c 20210728 
942 |c BK